The Sickle & the Scalpel/ (Record no. 201608)

MARC details
000 -LEADER
fixed length control field 00616nam a22002057a 4500
005 - DATE AND TIME OF LATEST TRANSACTION
control field 20240320104845.0
010 ## - LCCN (DPL NO)
LC control number ENG-139689
020 ## - INTERNATIONAL STANDARD BOOK NUMBER
International Standard Book Number 9789354423147
Terms of availability 1315.00
035 ## - SYSTEM CONTROL NUMBER
System control number EN-123221
037 ## - SOURCE OF ACQUISITION
Source of stock number/acquisition DBAD/PUB
082 ## - DEWEY DECIMAL CLASSIFICATION NUMBER
Classification number N
Edition number 1
100 ## - MAIN ENTRY--PERSONAL NAME
Personal name Volga
245 ## - TITLE STATEMENT
Title The Sickle & the Scalpel/
Statement of responsibility, etc By Volga
250 ## - EDITION STATEMENT
Edition statement 1
260 ## - PUBLICATION, DISTRIBUTION, ETC. (IMPRINT)
Place of publication, distribution, etc Hyderabad
Name of publisher, distributor, etc Orient Blackswan Private Ltd
Date of publication, distribution, etc 2022
270 ## - ADDRESS
Address 3-6-752, Himayatnagar
City Hyderabad
Postal code 500029
Electronic mail address info@orintblackswan.com
300 ## - PHYSICAL DESCRIPTION
Extent xi,290p.
Dimensions 21cm(pbk)
500 ## - GENERAL NOTE
General note Translated From the Original Telugu By Vasantha Kannbiran
942 ## - ADDED ENTRY ELEMENTS (KOHA)
Source of classification or shelving scheme Dewey Decimal Classification
Classification part N
Item type English Books
Call number suffix VOG
Edition 1
Holdings
Withdrawn status Lost status Not for loan Collection code Home library Current library Date acquired Source of acquisition Cost, normal purchase price Full call number Barcode Copy number Cost, replacement price Koha item type
      Non-fiction Patel Nagar Patel Nagar 20/03/2024 DBAD 1315.00 N VOG EN-123221 1 1315.00 English Books

© Delhi Public Library
Hit Counter
free hit counter